Paulina ao piano (Registo nº 373)

Detalhes MARC
000 -Etiqueta do registo
Cabeçalho 00736nam0a2200265 4500
005 - Identificador da versão
Campo de controlo 20240813121801.0
095 ## -
-- PTBN00217637
010 ## - Número internacional normalizado dos livros (ISBN)
Número (ISBN) 9722100351
021 ## - Número do Depósito Legal
Código do país PT
Número 17753/87
100 ## - Dados gerais de processamento
Dados gerais de processamento 20150202d1989 d y0pory5003 ba
102 ## - Pais de publicação ou produção
País de publicação Portugal
101 0# - Língua de publicação
Língua do texto, banda sonora, etc. Português
215 ## - Descrição física 
Indicação específica da natureza do documento e extensão da espécie 74 p.
Outras indicações físicas il.
200 1# - Titulo e menção de responsabilidade
Título próprio Paulina ao piano
Primeira menção de responsabilidade Alice Vieira
Outras menções de responsabilidade il. Isabel França Aires
205 ## - Menção da edição
Menção da edição 3ª ed
210 ## - Publicação, Distribuição, etc. 
Lugar da edição, distribuição, etc. Lisboa
Nome do editor, distribuidor, etc. Caminho
Data da publicação, distribuição, etc. D. L. 1989
606 ## - Nome comum usado como assunto
Número de registo de entrada de autoridade 0002005
Palavra de ordem Literatura portuguesa
Subdivisão de assunto Romance
Código do sistema CA
675 ## - Classificação Decimal Universal (CDU)
Notação 821.134.3-31
Edição 3ª ed.
Língua da edição por
702 ## - Nome de autor-pessoa física (responsabilidade secundária)
Número de registo de entrada de autoridade 0000376
Palavra de ordem Aires
Outra parte do nome não tomada para palavra de ordem Isabel França
Código de função Ilustrador / Técnico de desenho computorizado
700 ## - Nome de autor-pessoa física (responsabilidade principal)
Número de registo de entrada de autoridade 0000367
Palavra de ordem Vieira
Outra parte do nome não tomada para palavra de ordem Alice
Datas 1943-
966 ## - Identificação da Biblioteca
Sigla EB2,3ENM
942 ## - Elementos de entrada adicionados (Koha)
Tipo de item no Koha Livro
Exemplares
Situação do levantamento Origin of item (home branch) (coded) Biblioteca de empréstimo Código de barras Cota Circulation type (not for loan) Tipo de documento Nota do exemplar Damaged status
  Biblioteca Escolar Eng. Nuno Mergulhão Biblioteca Escolar Eng. Nuno Mergulhão BENM803 82LP-3 VIE   Livro Sem mensagem